Normal view
MARC view
- Robert A. Ristinen jack j. Kraushaar Jeffrey T. Brack
Entry Personal Name
001 - CONTROL NUMBER
- control field: 124346
003 - CONTROL NUMBER IDENTIFIER
- control field: NUST
005 - DATE AND TIME OF LATEST TRANSACTION
- control field: 20240710102308.0
008 - FIXED-LENGTH DATA ELEMENTS
- fixed length control field: 240710|| aca||aabn | a|a d
040 ## - CATALOGING SOURCE
- Original cataloging agency: NUST
- Transcribing agency: NUST
100 ## - HEADING--PERSONAL NAME
- Personal name: Robert A. Ristinen jack j. Kraushaar Jeffrey T. Brack
670 ## - SOURCE DATA FOUND
- Source citation: Work cat.: (NUST): Robert A. Ristinen jack j. Kraushaar Jeffrey T. Brack, Energy and the environment, 2022
